<?xml version="1.0" encoding="UTF-8"?>
<marc:record xmlns:marc="http://www.loc.gov/MARC21/slim">
   <marc:leader>00000nam a2200000 a 4500</marc:leader>
   <marc:datafield ind1="0" ind2="0" tag="245">
      <marc:subfield code="a">Spotlight - Ausgabe 3/2023                                                                3/2023</marc:subfield>
   </marc:datafield>
   <marc:datafield ind1="0" ind2="0" tag="245">
      <marc:subfield code="b">; Magic it`s simple to write better English!   Magic! It`s simple to write better English!</marc:subfield>
   </marc:datafield>
   <marc:datafield ind1=" " ind2="1" tag="264">
      <marc:subfield code="b">Spotlight Verlag GmbH</marc:subfield>
      <marc:subfield code="c">2023</marc:subfield>
   </marc:datafield>
   <marc:datafield ind1="1" ind2=" " tag="520">
      <marc:subfield code="a">Is Britain Broken? the Mess that is: Brexit, healthcare, poverty, education Travel: Beaches, boats and bars; things to do and see in Sydney Time out: thomas Kerstan, publisher of Zeit Campus, on good American-style manners Language "What if?": fun with conditional sentences</marc:subfield>
   </marc:datafield>
   <marc:datafield ind1="3" ind2=" " tag="024">
      <marc:subfield code="a">4190135309508</marc:subfield>
   </marc:datafield>
</marc:record>
